| 000 | 01042nam a2200289 4500 | ||
|---|---|---|---|
| 003 | OSt | ||
| 005 | 20260530113916.0 | ||
| 008 | 260508b2000 enk||||| |||| 00| 0 eng d | ||
| 020 |
_a8787541211 _q01080695 |
||
| 040 |
_aICI _bspa _cICI _erda |
||
| 041 | _aeng | ||
| 050 |
_aNK1455.D4 _bD46 1998 |
||
| 245 |
_aDenmark special: _bDenmark in the 21st century |
||
| 260 |
_aCopenhagen _bDanish Foreign Office _c2000 |
||
| 300 |
_a2000 paginas: _bilustraciones |
||
| 336 |
_2rdacontent _atexto |
||
| 337 |
_2rdamedia _asin medio |
||
| 338 |
_2rdacarrier _avolumen |
||
| 500 | _aPublicación especial sobre el desarrollo social, económico y cultural de Dinamarca en el siglo XXI. | ||
| 650 |
_aDesarrollo económico _xDinamarca. _934109 |
||
| 650 |
_aPolítica y gobierno _xDinamarca _ySiglo XXI. _934110 |
||
| 650 |
_aCondiciones sociales _xDinamarca _934111 |
||
| 651 | 1 |
_aDinamarca _xCondiciones económicas. _934112 |
|
| 651 | 1 |
_aDinamarca _xCondiciones sociales. _934113 |
|
| 700 |
_aBrerregaare, Brigite, _eeditor _934114 |
||
| 942 |
_2lcc _n1 _cBK |
||
| 999 |
_c12297 _d12297 |
||